=LDR 00000nam 2200000 4500 =001 INLIS000000000031714 =005 20130612133753 =008 ***********************************ind** =035 ##$$0010-061300000031714 =041 ##$$a ind =082 ##$$a 398.6 =090 ##$$a 398.6, Omi s =100 ##$$a OMIKA, Sabuko =245 ##$$a Sudoku The Black Hat, 250 Tantangan Sudoku Untuk Melejitkan Potensi Tersembunyi IQ Anda, Satsuko Omimura; Editor,Dany =260 ##$$a 2009 $b Jakarta =300 ##$$a xxiii,308 hlm.,, 21 cm =650 ##$$a TEKA-TEKI =700 ##$$a Dany =850 ##$$a NBPNMAT